Historia de Colombia - Estadísticas

Estadísticas generales
  • Esta prueba ha sido intentada 60 veces
  • La puntuación promedio es 14 de 20
Estadísticas de respuestas
Pista Respuesta % Correcto
País que separó de Colombia en 1903 Panamá
98%
Ciudad central del cartel de Escobar Medellín
94%
Este libertador fue la figura central de la independencia de mayor parte de Sudamérica Simón Bolívar
94%
¿A quién homenajea el nombre Colombia? Cristóbal Colón
92%
Ganador del Premio Nobel de Literatura en 1982 Gabriel García Márquez
92%
El éxito mundial de esta cantante de pop aumenta en los años 2000 Shakira
92%
Guerrilla colombiana que firmó la paz en 2016 FARC-EP
85%
Género musical que empezó a popularizarse en Hispanoamérica en los años 1940 Cumbia
83%
Nombre oficial del reino establecido por los españoles en Colombia y sus alrededores entre 1538 y 1819 Nuevo Reino de Granada
77%
Año en que fue la sede y ganó la Copa América 2001
75%
Político que ganó un Premio Nobel de la Paz por sus esfuerzos en traer esa paz Juan Manuel Santos
74%
Conflicto civil de los principios del Siglo XX Guerra de los {Mil} {Días}
68%
Dictador colombiano de los mediados del siglo XX Gustavo Rojas Pinilla
58%
Leyenda que ese pueblo indígena inspiró El Dorado
57%
Esto, que luego jugaría un papel crucial en su economía, llegó a Colombia en el siglo XVIII Café
55%
Pueblo indígena en el Altiplano cundiboyacense cuyo idioma se dio nombre a la capital colombiano Muiscas
53%
Ese libertador lideró como fundador y primer presidente de este estado Gran Colombia
40%
Colombia fue el primer país hispanoamericano en ingresar esta organización como «socio global» en 2018 OTAN
36%
Comunidad de esclavos cimarrones que logró su libertad a finales del siglo XVII San Basilio de Palenque
36%
Sitio de una batalla importante de 1741 en la Guerra del Asiento Cartagena de Indias
32%
No se encontraron pruebas coincidentes
Distribución de puntuación
Porcentaje de gente con cada puntuación
Porcentaje por número respondido
Historial de tus puntuaciones
No has intentado esta prueba.